<La> banque et ses fonctions

Guardado en:
Detalles Bibliográficos
Autor principal: Moschetto, Bruno
Otros Autores: Roussillon, Jean
Formato: Libro
Lenguaje:francés
Publicado: Paris Presses Universitaires de France 2000
Edición:4e éd.
Colección:Que sais - je ? 2447
Materias:
Etiquetas: Agregar Etiqueta
Sin Etiquetas, Sea el primero en etiquetar este registro!

MARC

LEADER 00000nam$a2200000$$$4500
001 0115338
005 20230220124334.6
020 |a 2-13-051058-2 
041 0 |a fre 
044 |a FR 
245 1 0 |a <La> banque et ses fonctions  |c Bruno Moschetto, Jean Roussillon 
250 |a 4e éd. 
264 1 |a Paris  |b Presses Universitaires de France  |c 2000 
300 |a 127 s. 
490 1 |a Que sais - je ?  |v 2447 
830 0 |a Que sais - je ?  |v 2447 
610 2 0 |a banky 
610 2 0 |a bankovníctvo 
610 2 0 |a operácie bankové 
100 1 |a Moschetto, Bruno 
700 1 |a Roussillon, Jean